Introducción a la psicología : (Registro nro. 21916)

Detalles MARC
000 -Cabecera
Campo de control interno 00828nam a2200265Ia 4500
005 - Fecha y hora del registro
control field 20260320113324.0
008 - Elementos de Longitud Fija
fixed length control field 260320s9999||||xx |||||||||||||| ||und||
020 ## - ISBN
ISBN 9786074812961
041 ## - Idioma
Codigo Idioma ESP
082 ## - DEWEY y NOTACIÓN INTERNA
Dewey 150
Notación Interna T16
100 ## - AUTOR
Autor denominación Talbot, Shawn,
Término de relación autor
245 #0 - TÍTULO DE MATERIAL BIBLIOGRÁFICO
Título Introducción a la psicología :
Título paralelo mapas conceptuales y repaso de conceptos
246 ## - TÍTULO TRADUCIDO
Título
Título paralelo
Autor
250 ## - EDICIÓN
Edición duodécima edición
260 ## - CIUDAD, EDITORIAL, AÑO
Ciudad México, D. F. :
Nombre de la Editorial Cengage Learning,
Año 2010
300 ## - DESCRIPCIÓN
N° Páginas 77 páginas :
Otros detalles
Dimensiones 27 cm.
Material Adicional
440 ## - MENCIÓN DE SERIE
Título de la Serie
Número de Serie
Volumen de Serie
650 ## - TEMAS
Temas Psicología
653 ## - DESCRIPTORES
Lenguajes no controlado Psicología - Teoría
654 ## - PROGRAMAS
Programa Dpto. de Psicología
700 ## - OTROS AUTORES
Otros autores Vanchella, Christine M.,
Títulos y otras palabras asociadas con el nombre autor
856 ## - URL - UBICACIÓN
URI/URL: Enlace exacto del recurso <a href="https://accessmedicina-mhmedical-com.ucsp.lookproxy.com/">https://accessmedicina-mhmedical-com.ucsp.lookproxy.com/</a>
Nota pública: Versión digital <a href="Véase además: Base de datos McGraw Hill Access Medicina">Véase además: Base de datos McGraw Hill Access Medicina</a>
942 ## - ELEMENTOS DE KOHA
Tipo de documento Libro
Nombre del creador Justo Noguera
Código de catalogador Tania Ramirez
Esquema de clasificación Dewey Decimal Classification
Suppress in OPAC
Existencias
Codigo completo Registro Colección Copia número Disponibilidad Tipo de préstamo Biblioteca Actual Procedencia (Biblioteca) Ubicacón Fecha Ingreso Tipo de Adquisición Observación Date last seen Total checkouts Price effective from Tipo de Item Estado del Material Fuente de Clasificación Damaged status Withdrawn status
150 T16 1086314 Universidad Católica San Pablo 2 Disponible Disponible Víctor Andrés Belaunde Víctor Andrés Belaunde Planta baja abierta 10/03/2026 Donación Libun 20/03/2026   20/03/2026 Libro Bueno Dewey Decimal Classification